|
|
|
|
| LEADER |
01561nam a22004454a 4500 |
| 001 |
EBC430527 |
| 003 |
MiAaPQ |
| 005 |
20200520144314.0 |
| 006 |
m o d | |
| 007 |
cr cn||||||||| |
| 008 |
051108s2006 enka sb 001 0 eng |
| 010 |
|
|
|z 2005032362
|
| 015 |
|
|
|a GBA603694
|2 bnb
|
| 016 |
7 |
|
|z 013354040
|2 Uk
|
| 020 |
|
|
|z 0199269874 (pbk. : alk. paper)
|
| 020 |
|
|
|z 0199269866 (hbk. : alk. paper)
|
| 020 |
|
|
|z 9780199269877
|
| 020 |
|
|
|z 9780199269860
|
| 035 |
|
|
|a (MiAaPQ)EBC430527
|
| 035 |
|
|
|a (Au-PeEL)EBL430527
|
| 035 |
|
|
|a (CaPaEBR)ebr10271574
|
| 035 |
|
|
|a (CaONFJC)MIL90557
|
| 035 |
|
|
|a (OCoLC)609830184
|
| 040 |
|
|
|a MiAaPQ
|c MiAaPQ
|d MiAaPQ
|
| 050 |
|
4 |
|a HD30.28
|b .F73 2006
|
| 082 |
0 |
4 |
|a 306.3
|2 22
|
| 084 |
|
|
|a 85.10
|2 bcl
|
| 100 |
1 |
|
|a Friedman, Andrew L.
|
| 245 |
1 |
0 |
|a Stakeholders
|h [electronic resource] :
|b theory and practice /
|c Andrew L. Friedman and Samantha Miles.
|
| 260 |
|
|
|a Oxford ;
|a New York :
|b Oxford University Press,
|c 2006.
|
| 300 |
|
|
|a xxviii, 330 p. :
|b ill.
|
| 504 |
|
|
|a Includes bibliographical references (p. [299]-321) and index.
|
| 533 |
|
|
|a Electronic reproduction. Ann Arbor, MI : ProQuest, 2015. Available via World Wide Web. Access may be limited to ProQuest affiliated libraries.
|
| 650 |
|
0 |
|a Strategic planning.
|
| 650 |
|
0 |
|a Business ethics.
|
| 650 |
|
0 |
|a Stockholders.
|
| 655 |
|
4 |
|a Electronic books.
|
| 700 |
1 |
|
|a Miles, Samantha,
|d 1969-
|
| 710 |
2 |
|
|a ProQuest (Firm)
|
| 856 |
4 |
0 |
|u https://ebookcentral.proquest.com/lib/matrademy/detail.action?docID=430527
|z Click to View
|